| 000 -LEADER |
| fixed length control field |
01079nam a22002297a 4500 |
| 003 - CONTROL NUMBER IDENTIFIER |
| control field |
OSt |
| 005 - DATE AND TIME OF LATEST TRANSACTION |
| control field |
20260511115614.0 |
| 008 - FIXED-LENGTH DATA ELEMENTS--GENERAL INFORMATION |
| fixed length control field |
260511b ||||| |||| 00| 0 eng d |
| 020 ## - INTERNATIONAL STANDARD BOOK NUMBER |
| International Standard Book Number |
9789995663605 |
| 040 ## - CATALOGING SOURCE |
| Original cataloging agency |
BSHUA |
| Language of cataloging |
Shqip |
| 050 ## - LIBRARY OF CONGRESS CALL NUMBER |
| Item number |
391(496.528)/Llub. |
| 082 ## - DEWEY DECIMAL CLASSIFICATION NUMBER |
| Item number |
391(496.528)/Llub. |
| 100 ## - MAIN ENTRY--PERSONAL NAME |
| Personal name |
Llubani, Mehmet |
| 245 ## - TITLE STATEMENT |
| Title |
Kruja - Veshjet Popullore = Kruja - Folk Costumes = Kruja - I Costumi Popolari |
| 260 ## - PUBLICATION, DISTRIBUTION, ETC. (IMPRINT) |
| Place of publication, distribution, etc |
Tirane: |
| Name of publisher, distributor, etc |
FLESH, |
| Date of publication, distribution, etc |
2007. |
| 300 ## - PHYSICAL DESCRIPTION |
| Extent |
102 f.; me foto |
| Dimensions |
23.5 cm. |
| 500 ## - GENERAL NOTE |
| General note |
Konsulent, piktor - etnograf : Matish Staka<br/>Arkiva e fotove : Matish Staka, Mehmet Llubani<br/>Bashkepunuan per fotot : Edmond Hoxha, Agron Goci<br/>Formulimi grafik : Flamur Hudhri, Kleant Halili<br/>Perkthimi i tekstit anglisht : Gazmend Goci, Qamile Citozi<br/>Perkthimi i tekstit italisht : Arben Hajri<br/>Koordinatore : Adelina Hoxha<br/>Redaktor : Hamdi Meca |
| 653 ## - INDEX TERM--UNCONTROLLED |
| Uncontrolled term |
Kostumet popullore - Veshjet popullore - Veshjet tradicionale - Veshjet e burrit - Veshjet e gruas - Kostumet e Krujes - |
| -- |
Mehmet Llubani |
| 856 ## - ELECTRONIC LOCATION AND ACCESS |
| Link text |
Fulltext |
| 942 ## - ADDED ENTRY ELEMENTS (KOHA) |
| Source of classification or shelving scheme |
|
| Koha item type |
Books |
| 953 ## - Fulltext |
| Is Fulltext Available |
Unavailable |